000 01391nam a2200229Ia 4500
001 16012
003 GE_BSU
008 181216s||||||||xx |||||||||||||| ||und||
040 _cGE_BSU
080 _a821.353.1 + 821.353.1-32 + 821.353.1-31 + 821.353.1-2 + 821.353.1-1
100 _aჯავახიშვილი, მ. (მიხეილ, 1880-1937)
245 _aთხზულებანი : 8 ტომად. ტ. 5
245 _bმოთხრობა, რომანი, პიესა, ლიბრეტო, ნაწყვეტები, ლექსები
245 _cსარედ. კოლ.: გ. გვერდწითელი, გ. მერკვილაძე, ბ. ჟღენტი და სხვ.ტომი გამოსაცემად მოამზადეს და შენიშვნები დაურთეს: ლ. სანაძემ, რ. ჩხარტიშვილმა ; ტომის რედ. ს. ყუბანეიშვილი
260 _aთბილისი
260 _bსაბჭ. საქართველო
260 _c1977
300 _a458 გვ.22 სმ.
653 _aთხზულებანი
653 _aმოთხრობა, რომანი, პიესა, ლიბრეტო, ნაწყვეტები, ლექსები
942 _cBK
999 _c49105
_d49105